Vista normal
Vista MARC
Entrada Personal Name
Número de registros utilizados en: 3
001 - CONTROL NUMBER
- control field: 12083
003 - CONTROL NUMBER IDENTIFIER
- control field: DLC
005 - DATE AND TIME OF LATEST TRANSACTION
- control field: 20250225143131.0
008 - FIXED-LENGTH DATA ELEMENTS
- fixed length control field: 801103n| acannaabn |a aaa
010 ## - LIBRARY OF CONGRESS CONTROL NUMBER
- LC control number: n 80133131
035 ## - SYSTEM CONTROL NUMBER
- System control number: (OCoLC)oca00513480
040 ## - CATALOGING SOURCE
- Original cataloging agency: DLC
- Language of cataloging: spa
- Transcribing agency: Mx-PuUPA
- Modifying agency: DLC
- Modifying agency: OCoLC
- Modifying agency: Mx-PuUPA
- Description conventions: rda
046 ## - SPECIAL CODED DATES
- Birth date: 19420628
100 1# - HEADING--PERSONAL NAME
- Personal name: Navascués Palacio, Pedro,
374 ## - OCCUPATION
- Occupation: Autor
- Occupation: Historiador de la arquitectura
375 ## - GENDER
- Gender: hombre
377 ## - ASSOCIATED LANGUAGE
- Language code: spa
400 1# - SEE FROM TRACING--PERSONAL NAME
- Personal name: Palacio, Pedro Navascués
400 1# - SEE FROM TRACING--PERSONAL NAME
- Personal name: Navascués, Pedro
400 1# - SEE FROM TRACING--PERSONAL NAME
- Personal name: Pedro José Navascués Palacio
400 1# - SEE FROM TRACING--PERSONAL NAME
- Personal name: Pedro José de Navascués y de Palacio
670 ## - SOURCE DATA FOUND
- Source citation: His Arquitectura y arquitectos madrileños del siglo XIX, 1973.
670 ## - SOURCE DATA FOUND
- Source citation: His La Casa de Ayuntamiento de Madrid, c1985:
- Information found: p. 9 (Pedro Navascués Palacio) jkt. (b. Madrid, 1942; doctor in philosophy and literature (history section)
670 ## - SOURCE DATA FOUND
- Source citation: His Introducción al arte español, c1992:
- Information found: t.p. (Pedro Navascués)